| 000 | 00477nam a22001937a 4500 | ||
|---|---|---|---|
| 003 | PILC | ||
| 005 | 20160112151504.0 | ||
| 008 | 121116t xxu||||| |||| 00| 0 eng d | ||
| 020 | _a0440237688 | ||
| 050 |
_aPZ 7 _b.L921 1993 |
||
| 082 |
_aPZ 7 _bL921 1993 |
||
| 100 | _aLowry, Lois | ||
| 245 |
_aThe giver _cby Lois Lowry |
||
| 260 |
_aNew York : _bHoughton Mifflin Company, _cc1993. |
||
| 300 |
_a179 p. : _c18 cm. |
||
| 562 | _e1 | ||
| 942 |
_2lcc _cBK |
||
| 999 |
_c1198 _d1198 |
||